000
00272nam a2200121Ia 4500
008
231106s2020 xx 000 0 und d
041
_a
eng
082
_a
746.62
100
_a
ERIN LACY
245
_a
WOMEN ART & SOCIETY
260
_b
SEARCH PRESS
_c
2020
300
_a
P-112
999
_c
920217
_d
920217